Geografia według obrazka na literę C - Statystyki

Ogólne statystyki
  • Ten quiz został rozwiązany 71 razy
  • Średni wynik to 9 z 16
Statystyki odpowiedzi
Obrazkowy Hint Odpowiedź % Poprawnych
państwo Chiny
100%
państwo Cypr
97%
państwo Czechy
88%
morze Czarne
85%
morze Czerwone
85%
miasto Chicago
83%
zwężenie obszaru wodnego cieśnina
76%
państwo Chorwacja
71%
państwo Czarnogóra
61%
miasto Częstochowa
44%
pomnik Statua {Chrystusa Zbawiciela}
36%
miasto Chorzów
32%
miasto Canberra
23%
miasto Chengdu
20%
miasto Charków
18%
miasto założone przez Majów {Chichen} Itza
14%
Nie znaleziono quizów pasujących do podanych kryteriów
Rozkład punktacji
Procent ludzi z każdym wynikiem
Percentyl według liczby udzielonych odpowiedzi
Twoja historia wyników
Nie rozwiązałeś tego quizu